Porovnanie metód stanovenia základného odtoku na vybranom povodí

Uložené v:
Podrobná bibliografia
Hlavný autor: Bulík, Maroš (Autor)
Ďalší autori: Valent, Peter (Vedúci práce)
Médium: Rukopis Kniha
Jazyk:Slovak
Vydavateľské údaje: 2016
Predmet:
On-line prístup:http://is.stuba.sk/zp/portal_zp.pl?podrobnosti=124251
https://opac.crzp.sk/?fn=detailBiblioForm&sid=B0ECE52FE577B8B958CA67E96922
Tagy: Pridať tag
Žiadne tagy, Buďte prvý, kto otaguje tento záznam!

MARC

LEADER 00000ntm a22000003a 4500
001 stuzp55350
003 SK-STU
005 20230526130823.6
007 ta
008 150427s2015----xo-----f-mn---000-0-slo-d
040 |a STU  |b slo 
041 0 |a slo 
100 1 |a Bulík, Maroš  |u 010160  |4 aut  |U SvF Stavebná fakulta  |T SvF Katedra vodného hospodárstva krajiny  |X 62714  |U V160  |Y 16  |7 62714 
242 0 1 |a Comparison of base flow separation methods on a selected catchment  |y eng 
245 1 0 |a Porovnanie metód stanovenia základného odtoku na vybranom povodí 
260 |c 2016 
650 4 |a základný odtok  |2 slo 
650 4 |a digitálne filtre  |2 slo 
650 4 |a BFI  |2 slo 
650 4 |a separácia základného odtoku  |2 slo 
650 4 |a digital filters  |2 eng 
650 4 |a baseflow  |2 eng 
650 4 |a baseflow separation  |2 eng 
650 4 |a BFI  |2 eng 
700 1 |a Valent, Peter  |u 010160  |k Z1  |4 ths  |U SvF Stavebná fakulta  |T SvF Katedra vodného hospodárstva krajiny  |X 16789  |U V160  |Y 16  |7 A000016789 
856 4 |u http://is.stuba.sk/zp/portal_zp.pl?podrobnosti=124251 
856 4 |u https://opac.crzp.sk/?fn=detailBiblioForm&sid=B0ECE52FE577B8B958CA67E96922 
SQL |a stuzp55350  |b DBP  |c SLO  |d Porovnanie metód stanovenia základného odtoku na vybranom povodí  |e 62714  |f Bulík, Maroš  |g 010160  |h 16789  |i Valent, Peter  |j 20160621  |k 7  |l 01  |m http://is.stuba.sk/zp/portal_zp.pl?podrobnosti=124251  |n B-VSH  |o 5.1.6. vodné stavby, 6.4.1. vodné hospodárstvo